Last ten Winners of NCAAF Conferences - Statistics

General Stats
  • This quiz has been taken 120 times
    85 since last reset
  • The average score is 72 of 110
Answer Stats
Year College % Correct
2014 | 2015 | 2016 | +4 others Alabama
94%
2017 | 2022 | 2024 Georgia
94%
2015 | 2017 Ohio
94%
2015 | 2016 | 2017 | +5 others Clemson
93%
2021 | 2022 | 2023 Michigan
90%
2014 | 2017 | 2018 | +2 others Ohio St.
90%
2014 | 2019 | 2020 | 2024 Oregon
90%
2023 Texas
88%
2019 LSU
85%
2016 | 2018 | 2023 Washington
83%
2014 | 2023 Florida St.
82%
2015 Michigan St.
81%
2015 | 2016 | 2017 | +2 others Oklahoma
81%
2016 Penn St.
79%
2014 | 2017 | 2019 | +2 others Boise St.
76%
2017 USC
76%
2024 Arizona State
75%
2024 Oregon St.
75%
2022 Kansas State
67%
2021 | 2022 Utah
65%
2014 TCU
64%
2022 Tulane
64%
2021 Baylor
63%
2015 Stanford
60%
2021 Pitt
57%
2016 | 2024 Western Michigan
57%
2020 Iowa St.
56%
2024 Army
54%
2015 Houston
54%
2023 SMU
54%
2020 | 2021 Cincinnati
53%
2017 | 2018 UCF
53%
2019 | 2021 | 2022 Central Michigan
51%
2023 Liberty
51%
2021 Utah St.
50%
2018 | 2022 Fresno St.
47%
2020 Coastal Carolina
46%
2023 Ball St.
44%
2014 | 2019 Memphis
44%
2015 | 2016 San Diego St.
43%
2014 Kent St.
39%
2021 Louisiana
39%
2021 | 2022 UTSA
39%
2015 | 2016 Western Kentucky
39%
2014 | 2024 Marshall
38%
2020 San Jose St.
36%
2017 | 2022 | 2023 Troy
36%
2014 Georgia Southern
35%
2016 | 2018 | 2019 Appalachian State
32%
2017 | 2019 FAU
31%
2016 Temple
31%
2024 Jacksonville St.
29%
2018 | 2020 UAB
29%
2015 Arkansas State
13%
2018 Kent State
3%
2020 Season Canceled
3%
No matching quizzes found
Score Distribution
Percent of People with Each Score
Percentile by Number Answered
Your Score History
You have not taken this quiz since the last reset